Jazz : essential listening / (Record no. 82675)

MARC details
000 -LEADER
fixed length control field 00667nam a22002297a 4500
003 - CONTROL NUMBER IDENTIFIER
control field URS
005 - DATE AND TIME OF LATEST TRANSACTION
control field 20250424225326.0
020 ## - INTERNATIONAL STANDARD BOOK NUMBER
International Standard Book Number 9780393935639
040 ## - CATALOGING SOURCE
Transcribing agency URS
050 ## - LIBRARY OF CONGRESS CALL NUMBER
Classification number FR ML 3508 .D473 2011
082 ## - DEWEY DECIMAL CLASSIFICATION NUMBER
Edition number 8th ed.
100 ## - MAIN ENTRY--PERSONAL NAME
Relator code author
Personal name De Veaux, Scott Knowles
245 ## - TITLE STATEMENT
Title Jazz : essential listening /
Statement of responsibility, etc. Scott Knowles De Veaux.
260 ## - PUBLICATION, DISTRIBUTION, ETC.
Place of publication, distribution, etc. USA ;
Name of publisher, distributor, etc. W. W. Norton & Company,
Date of publication, distribution, etc. 2011
300 ## - PHYSICAL DESCRIPTION
Extent xx, 403 p ; 30 cm
504 ## - BIBLIOGRAPHY, ETC. NOTE
Bibliography, etc. note Includes bibliographical references.
650 ## - SUBJECT ADDED ENTRY--TOPICAL TERM
Topical term or geographic name entry element Jazz -- History and criticism.
650 ## - SUBJECT ADDED ENTRY--TOPICAL TERM
Topical term or geographic name entry element Jazz -- analysis, appreciation.
650 ## - SUBJECT ADDED ENTRY--TOPICAL TERM
Topical term or geographic name entry element Music appreciation.
700 ## - ADDED ENTRY--PERSONAL NAME
Relator code co-author
Personal name Giddins, Gary
942 ## - ADDED ENTRY ELEMENTS (KOHA)
Source of classification or shelving scheme Library of Congress Classification
Koha item type Foreign Books
Holdings
Withdrawn status Source of classification or shelving scheme Damaged status Not for loan Home library Current library Date acquired Source of acquisition Total Checkouts Full call number Barcode Date last seen Price effective from Koha item type
  Library of Congress Classification     Angono College Library Angono College Library 12/12/2024 Library Fund   FR ML 3508 .D473 2011 URSANG-7884 04/24/2025 04/24/2025 Foreign Books

University of Rizal System
Email us at univlibservices@urs.edu.ph

Visit our Website www.urs.edu.ph/library